000 00506nam a2200205Ia 4500
003 OSt
005 20140414093311.0
008 140130s9999 xx 000 0 und d
020 _a0516295675
050 _aGT 4985.5
_b.W56 2001
100 _aWinne, Joanne
245 _cWinne, Joanne
_aLet's get ready for Christmas /
260 _bScholastic,
_c2001.
_aNew York :
300 _a24 p. :
_bcol. ill. ;
_c16 cm.
440 _v1
521 _aBR
526 _c140
942 _cBK
_2lcc
999 _c39864
_d39864